Marketing Management (Record no. 94574)

MARC details
000 -LEADER
fixed length control field 00570nam a2200217Ia 4500
005 - DATE AND TIME OF LATEST TRANSACTION
control field 20230502164731.0
008 - FIXED-LENGTH DATA ELEMENTS--GENERAL INFORMATION
fixed length control field 230125s9999 xx 000 0 und d
020 ## - INTERNATIONAL STANDARD BOOK NUMBER
International Standard Book Number 9788121932448
041 ## - LANGUAGE CODE
Language code of text/sound track or separate title eng
082 ## - DEWEY DECIMAL CLASSIFICATION NUMBER
Classification number 658.8
Item number PIL
100 ## - MAIN ENTRY--PERSONAL NAME
Author Pillai R S N
245 ## - TITLE STATEMENT
Title Marketing Management
260 ## - PUBLICATION, DISTRIBUTION, ETC.
Date of publication, distribution, etc. 2016
Name of publisher, distributor, etc. S. Chand & Company Ltd.
Place of publication, distribution, etc. New Delhi
300 ## - PHYSICAL DESCRIPTION
Extent 548p
500 ## - GENERAL NOTE
Keywords Marketing Management<br/>
650 ## - SUBJECT ADDED ENTRY--TOPICAL TERM
Topical term or geographic name entry element Marketing Management
700 ## - ADDED ENTRY--PERSONAL NAME
Personal name Pillai R S N & Bagavathi
942 ## - ADDED ENTRY ELEMENTS (KOHA)
Koha item type Books
906 ## - LOCAL DATA ELEMENT F, LDF (RLIN)
b 77.5
Holdings
Withdrawn status Lost status Damaged status Not for loan Home library Current library Date acquired Vendor Net Price Bill number Total Checkouts Full call number Barcode Date last seen Actual Price Bill Date Koha item type Original Barcode Total Renewals Date last checked out
        Smt. Hiraben Nanavati Institute of Management & Research for Women Smt. Hiraben Nanavati Institute of Management & Research for Women 11/02/2017 Suyog Enterprises 250.00 SE/SI/3748   658.8 PIL B15151 HIMR-BK-15151 25/01/2023 172.50 04/02/2017 Books B15151    
        Smt. Hiraben Nanavati Institute of Management & Research for Women Smt. Hiraben Nanavati Institute of Management & Research for Women 11/02/2017 Suyog Enterprises 250.00 SE/SI/3748   658.8 PIL B15152 HIMR-BK-15152 25/01/2023 172.50 04/02/2017 Books B15152    
        Smt. Hiraben Nanavati Institute of Management & Research for Women Smt. Hiraben Nanavati Institute of Management & Research for Women 11/02/2017 Suyog Enterprises 250.00 SE/SI/3748 1 658.8 PIL B15153 HIMR-BK-15153 28/06/2023 172.50 04/02/2017 Books B15153 1 19/06/2023
        Smt. Hiraben Nanavati Institute of Management & Research for Women Smt. Hiraben Nanavati Institute of Management & Research for Women 11/02/2017 Suyog Enterprises 250.00 SE/SI/3748   658.8 PIL B15154 HIMR-BK-15154 25/01/2023 172.50 04/02/2017 Books B15154    
        Smt. Hiraben Nanavati Institute of Management & Research for Women Smt. Hiraben Nanavati Institute of Management & Research for Women 11/02/2017 Suyog Enterprises 250.00 SE/SI/3748   658.8 PIL B15155 HIMR-BK-15155 27/02/2023 172.50 04/02/2017 Books B15155